Statistiques concernant Metros de France

Cliquez ici pour prendre le quiz!

Statistiques générales

  • Ce quiz a été pris 118 fois
  • Le résultat moyen est 6 sur 6

Statistiques - réponses

Distance (km)VilleLignes% Correct
32.05Lyon4
100%
21.6Marseille2
100%
219.9Paris16
100%
45.2Lille2
96%
28.2Toulouse2
95%
9.4Rennes1
83%

Distribution des résultats

Percentile par nombre de réponses

% des personnes avec chaque résultat

Votre développement - résultats

Vous n’avez pas pris ce quiz